000 00522nam a22001937a 4500
003 OSt
008 260513b |||||||| |||| 00| 0 eng d
082 _a633.11
_bS31S
100 _aShailesh Kumar
245 _aStudies on Effect of Plant Densities at Varying Fertility Levels on Irrigated Wheat /
_cby Shailesh Kumar
260 _a.- Pusa, Samastipur
_b: RAU
_c, 1991
300 _a94p.
502 _bM. Sc.
_d1991
650 _aAgronomy
650 _aWheat
650 _aThesis
650 _aM. Sc.
942 _2ddc
_cT
999 _c50571
_d50571